Parties in the Polish parliament - Statistics

General Stats
  • This quiz has been taken 44 times
  • The average score is 11 of 18
Answer Stats
Grupe in Ep Coalition Leader of party Seym Senate Ep Party % Correct
AECR Pis Jarosław Kaczyński 198 44 24 Prawo i Sprawiedliwość / PiS
100%
EPL Ko Borys Budka 111 40 14 Platforma Obywatelska / PO
98%
EPL Kp Władysław Kosiniak-Kamysz 20 2 3 Polskie Stronnictwo Ludowe / PSL
84%
S&D Lewica Włodzimierz Czarzasty 24 0 5 Sojusz Lewicy Demokratycznej / SLD
84%
Lack information Brak Paweł Kukiz 5 0 0 Kukiz / K’15
77%
S&D Lewica Adrian Zandberg 6 0 0 Lewica Razem / Razem
74%
S&D Lewica Robert Biedroń 18 1 2 Wiosna
74%
EFDD Konfederacja Janusz Korwin-Mikke 5 0 0 Koalicja Odnowy Rzeczypospolitej Wolność i Nadzieja / KORWiN
72%
ALDE Ko Adam Szłapka 8 1 0 Nowoczesna / .N
63%
AECR Pis Zbigniew Ziobro 19 2 2 Solidarna Polska / SP
63%
Lack information Konfederacja Robert Winnicki 5 0 0 Ruch Narodowy / RN
51%
Lack information Konfederacja Grzegorz Braun 1 0 0 Konfederacja Korony Polskiej / KKP
49%
AECR Pis Jarosław Gowin 17 2 1 Porozumienie
49%
G/EFA Ko Wojciech Kubalewski, Małgorzata Tracz 3 0 1 Partia Zieloni / Zieloni
44%
Lack information Ko Barbara Nowacka 5 0 0 Inicjatywa Polska / IPL
28%
Lack Lewica Wojciech Konieczny 0 1 0 Polska Partia Socjalistyczna / PPS
21%
Lack informaion Kp Elżbieta Bińczycka 1 1 0 Unia Europejskich Demokraków / UED
16%
Lack Lack Ryszard Galla 1 0 0 Regionalna. Mniejszość z Większością / RMW
5%
No matching quizzes found
Score Distribution
Percent of People with Each Score
Percentile by Number Answered
Your Score History
You have not taken this quiz